ARRUPE JESUIT UNIVERSITY

CORONAVIRUS -STOP THE SPREAD - CLEAN,DISINFECT,COVER

Conflict, age and power in North East Africa: (Record no. 2580)

MARC details
000 -LEADER
fixed length control field 00576nam a2200217Ia 4500
003 - CONTROL NUMBER IDENTIFIER
control field 0100
008 - FIXED-LENGTH DATA ELEMENTS--GENERAL INFORMATION
fixed length control field 130227s9999 xx 000 0 und d
040 ## - CATALOGING SOURCE
Transcribing agency ARRUPELIB
050 ## - LIBRARY OF CONGRESS CALL NUMBER
Classification number GN650.C65 1998
245 ## - TITLE STATEMENT
Title Conflict, age and power in North East Africa:
Remainder of title age systems in transition /
260 ## - PUBLICATION, DISTRIBUTION, ETC. (IMPRINT)
Place of publication, distribution, etc Oxford
Name of publisher, distributor, etc James Currey Limited
Date of publication, distribution, etc 1998
300 ## - PHYSICAL DESCRIPTION
Extent xiv
300 ## - PHYSICAL DESCRIPTION
Other physical details 270p. 23cm.
440 ## - SERIES STATEMENT/ADDED ENTRY--TITLE
Title Eastern African Studies
9 (RLIN) 30694
650 ## - SUBJECT ADDED ENTRY--TOPICAL TERM
Topical term or geographic name as entry element Aging
Geographic subdivision Africa North-east
9 (RLIN) 38034
650 ## - SUBJECT ADDED ENTRY--TOPICAL TERM
Topical term or geographic name as entry element Aging
General subdivision Political aspects
Geographic subdivision Africa, North-east
9 (RLIN) 38035
650 ## - SUBJECT ADDED ENTRY--TOPICAL TERM
Topical term or geographic name as entry element Kinship
Geographic subdivision Africa North-east
9 (RLIN) 38036
650 ## - SUBJECT ADDED ENTRY--TOPICAL TERM
Topical term or geographic name as entry element Social conflict
Geographic subdivision Africa North-east
9 (RLIN) 38037
700 ## - ADDED ENTRY--PERSONAL NAME
Personal name Kurimoto, Eisei ; Simonse, Simon eds.
9 (RLIN) 38038
942 ## - ADDED ENTRY ELEMENTS (KOHA)
Source of classification or shelving scheme Library of Congress Classification
Item type Monograph ( Printed materials)
Holdings
Withdrawn status Lost status Source of classification or shelving scheme Damaged status Not for loan Collection code Home library Current library Shelving location Date acquired Total Checkouts Full call number Barcode Date last seen Copy number Price effective from Koha item type
    Library of Congress Classification     Main Collection ARRUPE LIBRARY ARRUPE LIBRARY   27/02/2013   GN650.C65 1998 46403311 09/04/2018 1 27/02/2013 Monograph ( Printed materials)

 

Arrupe Library. PO Box MP320 Mt Pleasant, Harare, Zimbabwe
263 242 745411|librarian@aju.ac.zw